| 000 | 00605nam a2200181Ia 4500 | ||
|---|---|---|---|
| 008 | 090124s9999 xx 000 0 und d | ||
| 082 | _b32700 | ||
| 100 | _aचैतन्य दिपक | ||
| 245 | _a अत्तराच्या कुपीतील दरवळ | ||
| 250 | _a1 | ||
| 260 | _c2004 | ||
| 300 | _a100 | ||
| 600 | _aचैतन्य दिपक | ||
| 630 | _a अत्तराच्या कुपीतील दरवळ | ||
| 700 | _aचैतन्य दिपक | ||
| 730 | _a अत्तराच्या कुपीतील दरवळ | ||
| 942 | _cBOOK | ||
| 999 |
_c179122 _d179122 |
||